[Event "Kuwait Amateur Group A"]
[Site "Kuwait"]
[Date "2017.11.09"]
[Round "5.2"]
[White "Abdel Latif, Alaa Mahmoud"]
[Black "Mounif, Saab"]
[Result "1/2-1/2"]
[WhiteElo "1644"]
[BlackElo "1571"]
[PlyCount "51"]
[EventDate "2017.11.05"]
[EventType "swiss"]
[EventRounds "9"]
[EventCountry "KUW"]
[SourceTitle "EXT 2024"]
[Source "ChessBase"]
[SourceDate "2023.10.10"]
[SourceVersion "1"]
[SourceVersionDate "2023.10.10"]
[SourceQuality "1"]

1. e4 Nc6 2. Nf3 e6 3. d4 Nf6 4. e5 Nd5 5. c4 Nb6 6. Bd3 d6 7. exd6 cxd6 8. 0-0 Be7 9. Nc3 Qc7 10. Bf4 e5 11. Nb5 Qb8 12. dxe5 dxe5 13. Bg3 a6 14. Nc3 0-0 15. Nd5 Bd8 16. Qb3 Nd7 17. Qc2 h6 18. b4 Nf6 19. Rab1 Bg4 20. Qc3 Bxf3 21. gxf3 Nd4 22. Qxd4 exd4 23. Bxb8 Rxb8 24. Nxf6+ Bxf6 25. Be4 Rfd8 26. Rfd1 1/2-1/2